MDQL
is popping MORE tags! Check the
thread
!
Quizzes
Events
Quiz Creation
Community
Videos
Private Events
Remove Ads
Sign In
Join for FREE
Feedback
Dark Mode
Quiz Categories
Sports
Geography
Music
Movies
Television
Just For Fun
Miscellaneous
History
Literature
Language
Science
Gaming
Entertainment
Religion
Holiday
For Kids
Quiz Lab
Recent
Popular Today
Quiz Kudos Today
Editor Picks
Curator Picks
Quizzes by...
Day
Popularity
Type
Ratings
Length
Year
Community
Subscriptions
Recent Discussions
Orange Saloon
Badges
Playlists
Quests
Create
Leaderboards
Showdown
Live 5
Trivia Bingo
Activity
Puzzle Library
Sporcle Events
Private Events
Virtual Trivia
Globe League
Become a Host
Pub Owners
SporcleCon
Opinionation
Our Games
Videos
Blog
Mobile Apps
Partnerships
Remove Ads and Go Orange
Feedback
Sports
Athletes
MLB
NBA
NHL
NFL
Soccer
Sports Teams
WWE
NCAA
Football
Premier League
Basketball
Baseball
Hockey
Golf
Tennis
Cricket
Rugby
Auto Racing
Olympics
World Cup
Sports
Athletes
MLB
NBA
NHL
NFL
Soccer
Sports Teams
WWE
NCAA
Football
Premier League
Basketball
Baseball
Hockey
Golf
Tennis
Cricket
Rugby
Auto Racing
Olympics
World Cup
Random Quiz
Search Sporcle
×
Quiz Lab
Quiz Lab
Sports
NHL
Type in answers that appear in a list
Type in answers that appear in a list
Classic
Best Score? Go Orange.
Franchise Points Leaders (NHL) Stats
Can you name the all time points leaders for each NHL franchise?
By
RiverCityRay
20m
279 Questions
286 Plays
286 Plays
286 Plays
Comments
Comments
Give Quiz Kudos
Give Quiz Kudos
-
- Ratings
hide this ad
More Info
Replay
Link that replays current quiz
Next Quiz
Link to next quiz in quiz playlist
You Got
0%
They Got
Avg Score
59%
Avg Friend Score
Upgrade to see
Score Distribution
Jump to the score distribution portion of the page
Score
0/279
Timer
20:00
0
Plays Today
Points
Player
% Correct
Anaheim Ducks
Teemu Selanne
91.6%
Edmonton Oilers
Wayne Gretzky
90.2%
Los Angeles Kings
Wayne Gretzky
90.2%
Anaheim Ducks
Ryan Getzlaf
89.9%
Washington Capitals
Alex Ovechkin
89.5%
Anaheim Ducks
Corey Perry
89.2%
Detroit Red Wings
Gordie Howe
89.2%
Colorado Avalanche
Joe Sakic
88.5%
Boston Bruins
Bobby Orr
88.1%
Vancouver Canucks
Henrik Sedin
87.8%
Vancouver Canucks
Daniel Sedin
87.8%
Arizona Coyotes
Shane Doan
87.4%
Calgary Flames
Jarome Iginla
87.4%
Chicago Blackhawks
Bobby Hull
87.1%
Montreal Canadiens
Henri Richard
87.1%
Montreal Canadiens
Maurice Richard
87.1%
Chicago Blackhawks
Dennis Hull
86.4%
Columbus Blue Jackets
Rick Nash
86%
St. Louis Blues
Brett Hull
85.7%
Dallas Stars
Mike Modano
85.3%
Pittsburgh Penguins
Mario Lemieux
85.3%
Ottawa Senators
Daniel Alfredsson
85%
Pittsburgh Penguins
Sidney Crosby
84.6%
Chicago Blackhawks
Stan Mikita
84.3%
Edmonton Oilers
Mark Messier
84.3%
New York Rangers
Mark Messier
84.3%
Detroit Red Wings
Steve Yzerman
83.9%
San Jose Sharks
Patrick Marleau
83.9%
Boston Bruins
Phil Esposito
83.6%
San Jose Sharks
Joe Thornton
83.6%
Toronto Maple Leafs
Mats Sundin
83.6%
Boston Bruins
Ray Bourque
83.2%
Edmonton Oilers
Jari Kurri
83.2%
Montreal Canadiens
Guy Lafleur
83.2%
Pittsburgh Penguins
Jaromir Jagr
83.2%
Colorado Avalanche
Peter Forsberg
82.9%
Tampa Bay Lightning
Martin St. Louis
82.9%
Carolina Hurricanes
Eric Staal
82.5%
Philadelphia Flyers
Bobby Clarke
82.5%
Chicago Blackhawks
Patrick Kane
82.2%
Tampa Bay Lightning
Steven Stamkos
81.5%
Vegas Golden Knights
William Karlsson
81.2%
Anaheim Ducks
Paul Kariya
80.8%
Carolina Hurricanes
Ron Francis
80.8%
Nashville Predators
Filip Forsberg
80.8%
New York Islanders
Mike Bossy
80.8%
Ottawa Senators
Erik Karlsson
80.8%
Pittsburgh Penguins
Ron Francis
80.8%
Los Angeles Kings
Marcel Dionne
79.4%
Minnesota Wild
Mikko Koivu
79.4%
New York Islanders
Bryan Trottier
79.4%
Pittsburgh Penguins
Evgeni Malkin
79.4%
Winnipeg Jets
Ilya Kovalchuk
79%
Vancouver Canucks
Pavel Bure
78.7%
Washington Capitals
Nicklas Backstrom
77.6%
Los Angeles Kings
Luc Robitaille
77.3%
Detroit Red Wings
Henrik Zetterberg
76.9%
Tampa Bay Lightning
Vincent Lecavalier
76.9%
Chicago Blackhawks
Jonathan Toews
76.6%
Montreal Canadiens
Jean Beliveau
76.6%
New Jersey Devils
Patrik Elias
76.6%
Winnipeg Jets
Blake Wheeler
76.2%
Buffalo Sabres
Gilbert Perreault
75.5%
Minnesota Wild
Zach Parise
75.5%
San Jose Sharks
Joe Pavelski
75.5%
Edmonton Oilers
Paul Coffey
75.2%
Calgary Flames
Gary Suter
74.5%
Detroit Red Wings
Pavel Datsyuk
74.5%
Arizona Coyotes
Dale Hawerchuk
74.1%
Detroit Red Wings
Nicklas Lidstrom
74.1%
Philadelphia Flyers
Eric Lindros
74.1%
Dallas Stars
Bobby Smith
73.8%
Ottawa Senators
Jason Spezza
73.4%
Philadelphia Flyers
Claude Giroux
73.4%
Vancouver Canucks
Markus Naslund
73.4%
Ottawa Senators
Dany Heatley
73.1%
Los Angeles Kings
Anze Kopitar
72.7%
Anaheim Ducks
Andy McDonald
72%
Boston Bruins
John Bucyk
72%
Edmonton Oilers
Glenn Anderson
71.3%
New York Islanders
Pat LaFontaine
71.3%
New York Rangers
Brian Leetch
71.3%
Florida Panthers
Olli Jokinen
71%
Carolina Hurricanes
Rod Brind'Amour
70.6%
Chicago Blackhawks
Denis Savard
70.6%
Detroit Red Wings
Sergei Fedorov
70.6%
Vegas Golden Knights
Reilly Smith
70.6%
Boston Bruins
Patrice Bergeron
70.3%
Calgary Flames
Joe Nieuwendyk
70.3%
Colorado Avalanche
Peter Stastny
70.3%
Colorado Avalanche
Milan Hejduk
70.3%
Colorado Avalanche
Anton Stastny
70.3%
Colorado Avalanche
Paul Stastny
70.3%
Points
Player
% Correct
Nashville Predators
David Legwand
70.3%
Anaheim Ducks
Scott Niedermayer
69.9%
Nashville Predators
Shea Weber
69.9%
New Jersey Devils
Scott Niedermayer
69.9%
Ottawa Senators
Marian Hossa
69.9%
Vancouver Canucks
Trevor Linden
69.9%
Winnipeg Jets
Marian Hossa
69.9%
Arizona Coyotes
Keith Tkachuk
69.6%
Calgary Flames
Theoren Fleury
69.6%
Florida Panthers
Rob Niedermayer
69.6%
St. Louis Blues
Keith Tkachuk
69.6%
New Jersey Devils
Scott Stevens
68.9%
Pittsburgh Penguins
Kevin Stevens
68.9%
Buffalo Sabres
Dave Andreychuk
68.2%
Calgary Flames
Al MacInnis
68.2%
St. Louis Blues
Al MacInnis
68.2%
New York Islanders
Denis Potvin
67.8%
St. Louis Blues
Bernie Federko
67.8%
Minnesota Wild
Ryan Suter
67.5%
New York Rangers
Rod Gilbert
67.1%
Tampa Bay Lightning
Brad Richards
67.1%
Minnesota Wild
Marian Gaborik
66.4%
Winnipeg Jets
Mark Scheifele
66.4%
Arizona Coyotes
Jeremy Roenick
66.1%
Washington Capitals
Peter Bondra
65.7%
Toronto Maple Leafs
Darryl Sittler
65.4%
Edmonton Oilers
Ryan Smyth
64.7%
Buffalo Sabres
René Robert
64%
Philadelphia Flyers
John LeClair
64%
Florida Panthers
Jonathan Huberdeau
63.6%
New York Islanders
John Tavares
63.3%
Washington Capitals
Mike Gartner
62.6%
Buffalo Sabres
Phil Housley
62.2%
Los Angeles Kings
Rob Blake
62.2%
Montreal Canadiens
Larry Robinson
62.2%
Philadelphia Flyers
Mark Recchi
61.9%
Buffalo Sabres
Mike Foligno
61.2%
New York Islanders
Brent Sutter
61.2%
St. Louis Blues
Brian Sutter
61.2%
Colorado Avalanche
Michel Goulet
60.8%
Dallas Stars
Jamie Benn
60.8%
Winnipeg Jets
Bryan Little
60.8%
Nashville Predators
Roman Josi
60.5%
San Jose Sharks
Owen Nolan
60.1%
Anaheim Ducks
Bobby Ryan
59.8%
Arizona Coyotes
Thomas Steen
59.4%
Boston Bruins
Rick Middleton
59.1%
Detroit Red Wings
Alex Delvecchio
59.1%
Buffalo Sabres
Rick Martin
58.7%
Detroit Red Wings
Ted Lindsay
58.7%
Ottawa Senators
Alexei Yashin
58.7%
Philadelphia Flyers
Bill Barber
58.4%
Chicago Blackhawks
Pit Martin
58%
Los Angeles Kings
Dave Taylor
58%
Los Angeles Kings
Dustin Brown
57.7%
Arizona Coyotes
Paul MacLean
57.3%
Montreal Canadiens
Steve Shutt
57.3%
New Jersey Devils
John MacLean
57.3%
Dallas Stars
Brian Bellows
57%
Winnipeg Jets
Andrew Ladd
57%
Chicago Blackhawks
Steve Larmer
56.6%
New York Rangers
Jean Ratelle
56.6%
Calgary Flames
Gary Roberts
56.3%
Dallas Stars
Dino Ciccarelli
56.3%
Vancouver Canucks
Todd Bertuzzi
56.3%
Columbus Blue Jackets
Nick Foligno
55.6%
San Jose Sharks
Vincent Damphousse
55.6%
Montreal Canadiens
Yvan Cournoyer
55.2%
New Jersey Devils
Scott Gomez
54.5%
Dallas Stars
Sergei Zubov
54.2%
Toronto Maple Leafs
Borje Salming
54.2%
Colorado Avalanche
Dale Hunter
53.8%
Washington Capitals
Dale Hunter
53.8%
Florida Panthers
Scott Mellanby
53.1%
Ottawa Senators
Mike Fisher
53.1%
Montreal Canadiens
Bernie Geoffrion
52.8%
Tampa Bay Lightning
Vinny Prospal
52.1%
Toronto Maple Leafs
Dave Keon
52.1%
Vegas Golden Knights
Jon Marchessault
51.8%
Carolina Hurricanes
Pat Verbeek
51.7%
Los Angeles Kings
Bernie Nicholls
51.4%
New York Islanders
Clark Gillies
51.4%
Toronto Maple Leafs
Frank Mahovlich
51.4%
Vancouver Canucks
Stan Smyl
51.4%
Dallas Stars
Neal Broten
51%
Montreal Canadiens
Jacques Lemaire
51%
Nashville Predators
Craig Smith
51%
New Jersey Devils
Aaron Broten
51%
Philadelphia Flyers
Brian Propp
50.7%
Chicago Blackhawks
Doug Wilson
50.3%
Edmonton Oilers
Doug Weight
50.3%
Philadelphia Flyers
Tim Kerr
50.3%
Calgary Flames
Kent Nilsson
50%
Points
Player
% Correct
Carolina Hurricanes
Jeff Skinner
50%
Nashville Predators
Martin Erat
49.7%
Tampa Bay Lightning
Victor Hedman
49.7%
Boston Bruins
Ken Hodge
49.3%
San Jose Sharks
Brent Burns
49.3%
San Jose Sharks
Logan Couture
49%
St. Louis Blues
David Backes
48.6%
Winnipeg Jets
Dustin Byfuglien
48.6%
Carolina Hurricanes
Geoff Sanderson
48.3%
Columbus Blue Jackets
Ryan Johansen
48.3%
Los Angeles Kings
Butch Goring
48.3%
Tampa Bay Lightning
Nikita Kucherov
48.3%
Boston Bruins
Terry O'Reilly
47.6%
Edmonton Oilers
Ales Hemsky
47.6%
Florida Panthers
Nathan Horton
47.6%
New York Rangers
Andy Bathgate
47.6%
Buffalo Sabres
Danny Gare
47.2%
Detroit Red Wings
Norm Ullman
47.2%
Florida Panthers
Viktor Kozlov
47.2%
Winnipeg Jets
Vyacheslav Kozlov
47.2%
Boston Bruins
Wayne Cashman
46.9%
Dallas Stars
Brenden Morrow
46.9%
Philadelphia Flyers
Rick MacLeish
46.9%
St. Louis Blues
Alexander Steen
46.9%
Ottawa Senators
Wade Redden
46.5%
St. Louis Blues
Pavol Demitra
46.5%
Carolina Hurricanes
Kevin Dineen
46.2%
New Jersey Devils
Kirk Muller
46.2%
Toronto Maple Leafs
George Armstrong
45.5%
Carolina Hurricanes
Jeff O'Neill
44.4%
San Jose Sharks
Jonathan Cheechoo
44.4%
Vegas Golden Knights
James Neal
44.1%
Anaheim Ducks
Steve Rucchin
44.1%
Nashville Predators
Steve Sullivan
43%
New York Rangers
Vic Hadfield
42.7%
Columbus Blue Jackets
Brandon Dubinsky
42.3%
Pittsburgh Penguins
Jean Pronovost
42.3%
St. Louis Blues
Garry Unger
42.3%
Arizona Coyotes
Teppo Numminen
42%
Pittsburgh Penguins
Rick Kehoe
42%
Toronto Maple Leafs
Ron Ellis
41.6%
Anaheim Ducks
Cam Fowler
40.9%
Colorado Avalanche
Alex Tanguay
40.9%
Minnesota Wild
Charlie Coyle
40.9%
Columbus Blue Jackets
RJ Umberger
40.6%
New York Islanders
John Tonelli
40.6%
New Jersey Devils
Bobby Holik
40.2%
Washington Capitals
Calle Johansson
40.2%
Dallas Stars
Dave Gagner
39.9%
Nashville Predators
J.P. Dumont
39.5%
Pittsburgh Penguins
Syl Apps
39.5%
Toronto Maple Leafs
Ted Kennedy
39.2%
Minnesota Wild
Mikael Granlund
38.8%
Buffalo Sabres
Craig Ramsay
38.5%
Columbus Blue Jackets
Cam Atkinson
38.5%
Tampa Bay Lightning
Fredrik Modin
38.1%
Ottawa Senators
Radek Bonk
37.8%
Florida Panthers
Stephen Weiss
35.7%
Vancouver Canucks
Tony Tanti
35.3%
Calgary Flames
Guy Chouinard
33.9%
Buffalo Sabres
Don Luce
32.5%
Carolina Hurricanes
Blaine Stoughton
32.5%
Vancouver Canucks
Thomas Gradin
31.8%
Vegas Golden Knights
David Perron
31.8%
New York Rangers
Steve Vickers
31.1%
New York Rangers
Walt Tkaczuk
30.8%
New York Islanders
Bob Bourne
30.4%
Winnipeg Jets
Toby Enstrom
30.4%
Calgary Flames
Eric Vail
30.1%
Vegas Golden Knights
Nate Schmidt
30%
Nashville Predators
Kimmo Timonen
29.7%
New York Rangers
Ron Greschner
29.7%
Columbus Blue Jackets
David Vyborny
29.4%
San Jose Sharks
Jeff Friesen
29.4%
Minnesota Wild
Andrew Brunette
29%
Minnesota Wild
Pierre-Marc Bouchard
28.7%
Toronto Maple Leafs
Bob Pulford
28.7%
Minnesota Wild
Jason Pominville
28.3%
Vegas Golden Knights
Alex Tuch
27.6%
Edmonton Oilers
Shawn Horcoff
27.6%
Washington Capitals
Michal Pivonka
26.2%
Vegas Golden Knights
Erik Haula
25.9%
Tampa Bay Lightning
Brian Bradley
25.5%
New Jersey Devils
Travis Zajac
23.1%
Columbus Blue Jackets
Nikolai Zherdev
21.7%
Washington Capitals
Mike Ridley
20.6%
Columbus Blue Jackets
Fedor Tyutin
18.9%
Vegas Golden Knights
Colin Miller
17.6%
Florida Panthers
Robert Svehla
16.8%
Arizona Coyotes
Doug Smail
15.7%
Florida Panthers
Radek Dvorak
15.7%
Washington Capitals
Bengt-Ake Gustafsson
15.4%
Arizona Coyotes
Laurie Boschman
12.9%
Quiz Playlist
Details
Report
Send in Message
Add To Playlist
More Info:
* indicates active NHL player
Classic:
Type in answers that appear in a list
Quiz Source
Last Updated: Apr 12, 2017
Quiz Scoreboard
CHALLENGE
Sign Up to Join the Scoreboard
Show All
Scores
Hide
Comments
May contain spoilers
Recently Published
1-10 Letter E Words III
by El_Dandy
Language
2m
Street Fighter Characters
by Artimus82
Gaming
60s
College Basketball Coaching Resumes
by pancakes188
Sports
9m
More to Explore
Quiz From the Vault
Featured Blog Post
Where Did the Easter Bunny Come From?
hide this ad
You Might Also Like...
Tags
Hockey Quiz
NHL Quiz
franchise
Ice Hockey
Leader
point
Top 10
Today's Top Quizzes in Sports
Browse Sports
hide this ad
Today's Top Quizzes in NHL
Browse NHL
Top Contributed Quizzes in Sports
1
2022 World Cup Stars
2
Les meilleurs buteurs des matchs entre le PSG et l’OM
3
FIFA Club World Cup Champions
4
Les entraîneurs de l'OM et du PSG au 21e siècle
5
Criteria MLB: Left Handed Sluggers
6
2023 MLB Unique Player Accomplishments
7
AFC Teams Reveal (Wrong Answers Minefield)
8
Players with Multiple 50 Home Run Seasons
9
5-to-1: FBS Animal Nicknames
10
5-to-1: UK Sports Teams
Explore More
Trending Topics
Kpop
Harry Potter
NBA
Crossword
Marvel
Disney
Anime
NFL
Country
Pokémon
Song
The Office
WWE
Soccer
Puzzle
hide this ad
More By:
RiverCityRay
Quiz
Plays
Rating
Category
Featured
Created
Franchise Points Leaders (NHL)
286
4.60
Sports
Sep 17, 2015
Franchise Goal Leaders (NHL)
235
4.25
Sports
Feb 28, 2016
Franchise Assists Leaders (NHL)
201
5.00
Sports
Nov 7, 2016
Franchise Win Leaders (NHL)
158
5.00
Sports
Mar 8, 2016
Go to Creator's Profile
Score Distribution
Quiz Creator Spotlight
RiverCityRay
Follow
Send a Message
Quizzes Created
-
Created Quiz Play Count
-
More By This Creator
Popular Quizzes Today
1
Find the US States - No Outlines Minefield
2
Find the Countries of Europe - No Outlines Minefield
3
The Countries of the World
4
Find the US States
5
Risky Map Clicking: Biggest States A-Z
6
US States
7
Popular People in 1961
8
Movies - When Are They Set?
More Sports Quizzes
Euro 1988 Winners - Netherlands
Curator's Pick
Trending Quizzes
Risky Map Clicking: Least Populous States A-Z
1-10 Letter G Words
USA Borders Longest to Shortest
1-10 Letter F Words
Countries of the World: 200 Million BC
Recently Updated
Leaping Animals
pecheneg
Reality TV Shows (A-Z)
bhenderson79
Rickey Henderson's Hall of Fame Teammates
pecheneg
Champions League XIs: Arsenal
pecheneg
Quick Pick: Celebrities in WWE's Hall of Fame
aduchscher
A-Z Keypad Blitz II
pecheneg
Multiple Oscar Actors
pecheneg
Mystery Phrase Blitz: Oscar 'Best Actors'
pecheneg
F. Scott Fitzgerald Novels
LTH
Pick 3 Villains
ddd62291
Trending Topics
Marvel
NBA
Crossword
Anime
Kpop
Disney
Harry Potter
WWE
Song
Pokémon
NFL
Puzzle
Soccer
The Office
Country
Your Account Isn't Verified!
In order to create a playlist on Sporcle, you need to verify the email address you used during registration. Go to your
Sporcle Settings
to finish the process.
Report this User
Report this user for behavior that violates our
Community Guidelines
.
Details:
Send Report
Go to the Sporcle.com Mobile Site →
Comments